00801nam a2200241Ia 4500003000900000008004100009040001300050040001300063041000800076100001300084245011900097250001100216260001800227260000900245300001100254300001000265490000600275600004000281700001700321942000700338999001700345952019700362IT-RoPAU120407s9999 xx 000 0 und d aIT-RoPAU cIT-RoPAU aita aC. Ogden aIl significato del significato. Studio dell’influsso del linguaggio sul pensiero e della scienza del simbolismo  aMilano aIl Saggiatore c1966 a412 p. c21 cm v1 a1. Linguaggio. analisi 2 Semiotica aI. Richardas cBK c34263d34263 00102ddc406149_20000000000000071aPAULUSbPAULUSd2012-04-11l0o149.2r2012-04-11 00:00:00w2012-04-11yBKzInserito da: Marisa In data: 04 ottobre 2011 fondo: Via A.Severo 56 Progr:14538